NYC Neighborhoods with the Highest Violent Crime - Statistics

General Stats
  • This quiz has been taken 362 times
  • The average score is 3 of 12
Answer Stats
Violent Crime Rate (Per 100k) Borough Answer % Correct
~1670 Manhattan (Central) Harlem
94%
1682.7 Queens Jamaica / St. Albans / Hollis
36%
+2600 Manhattan East Harlem
35%
1683.1 Brooklyn Brownsville / Ocean Hill
32%
1470.7 Brooklyn East New York / Starrett City
30%
1609.7 Manhattan Midtown
24%
2547.3 Bronx Mott Haven / Melrose / Port Morris
23%
1743.8 Bronx Fordham / University Heights / Mount Hope
18%
1830 Bronx Highbridge / Concourse Village
17%
2596.7 Bronx Hunts Point / Longwood
16%
2149.2 Bronx Morrisania / Crotona Park East
10%
2289.9 Bronx East Tremont / Belmont
9%
No matching quizzes found
Score Distribution
Percent of People with Each Score
Percentile by Number Answered
Your Score History
You have not taken this quiz